Retrouvez les paroles - Années 80 #2 - Statistiques

Statistiques générales
  • Ce quiz a été pris 29 fois
  • Le résultat moyen est 2 sur 19
Statistiques - réponses
Auteur Chanson Paroles Réponse % Correct
Roch Voisine Hélène Seul sur le sable, les yeux dans l'eau Mon ____ _____ ____ ____ rêve était trop beau
81%
Vanessa Paradis Joe le Taxi C'est sa vie Le ____ __ _____ rhum au mambo
33%
Gold Capitaine abandonné Les remous des torrents d'Afrique ___ _____ __ ____ _______, ouh, ils sont tombés ont brisé le rêve magique
26%
Marc Lavoine Chère amie Chère amie Je vous envoie ces quelques mots Pour ____ ____ __'__ __ ____ ___ ____ vous dire qu'il ne fait pas beau
15%
Téléphone New York avec toi ___ _______ __ ________ ___ ___ ____ ont parfois La couleur des sons que tu bois Les flaques de peinture sur les murs
11%
Jean-Jacques Goldman C'est ta chance C'est ta chance
Ta force, ta dissonance
Faudra _________ ____ ___ "___ __ ______" par de l'intelligence
remplacer tous les "pas de chance"
11%
Francis Cabrel C'est écrit Qu'est-ce qu'elle aime, qu'est-ce qu'elle veut? Et ___ ______ __'____ __ _______ autour des yeux? ses ombres qu'elle te dessine
11%
Alain Bashung Vertige de l'amour Désir fou que rien ne chasse
Le cœur transi reste sourd
Aux ____ __ ________ __ ______
cris du marchand de glaces
7%
Julien Clerc Coeur de rocker J'n'étais encore qu'un teenager Qu'j'suis _____ _____ __ ___ __ ________ parti vivre ma vie en outsider
7%
La Compagnie créole C'est bon pour le moral Si t'es Doudou bien balancée Ou ____-___ _____ ____ play-boy super sapé
7%
France Gall Cézanne peint Vibre la lumière Chantez les couleurs Il _ ___ __ ___ y met sa vie
7%
Axel Bauer Cargo J'ai voulu tout chavirer Mon ______ _'___ ______ espoir s'est échoué
4%
Etienne Daho Epaule tattoo Vous avez sollicité, mes bas instincts suscités, da da dap dap Vous m'avez sollicité, _'_______ ___ ______ j'pouvais pas lutter
4%
Michel Fugain Chaque jour de plus Chaque jour de plus est un jour de trop Je ____ ____ ____ __ _______ plie déjà sous le fardeau
4%
Taxi Girl Cherchez le garçon Réveil tragique succède À __ _______ ____ ____ un sommeil sans rêve
4%
Jean-Jacques Goldman Fais des bébés Si ton présent plus qu'imparfait hurle au secours C'est une affaire _ ____ _ ______ ____ __ ____ à deux à saisir jour et nuit
0%
Marc Lavoine Elle a les yeux révolver Elle se dessine ____ ___ _____ _________Et je devine des histoires défendues sous des jupes défendues
0%
Indochine Canary Bay Et rien qu'entre elles et sans garçons ___ ___ _______, ___ ______, elles habitaient sur des rochers, des forêts
0%
Véronique Sanson C'est long, c'est court Tous les délires dans ma mémoire __ ____ _______ ___ __ _______ te font pleurer sur ma guitare
0%
Aucun quiz correspondant
Distribution des résultats
% des personnes avec chaque résultat
Percentile par nombre de réponses
Votre historique - résultats
Vous n’avez pas pris ce quiz